[Event "Take your time!"]
[Site "SchemingMind.com"]
[Date "2012.11.26"]
[Round "-"]
[White "Pol MacGilla tSamhais"]
[Black "emvarela"]
[Result "0-1"]
[WhiteCountry "IRL"]
[BlackCountry "ARG"]
[WhiteElo "1308"]
[WhiteRD "79"]
[BlackElo "1779"]
[BlackRD "51"]
[GameID "322018"]

1. e4 e5 2. Nf3 Nc6 3. Bb5 f5 4. Nc3 Nf6 5. d3 d6 6. O-O fxe4 7. dxe4 Bd7 8. Ng5 a6 9. Ba4 h6 10. Nf3 Qe7
11. Ne2 O-O-O 12. Be3 Nb8 13. c4 Bxa4 14. Qxa4 Nxe4 15. Qc2 Nf6 16. Qf5+ Qd7 17. Qxd7+ Nbxd7 18. Nc3 c5 19. Rad1 Nb6 20. Nh4 g5
21. Ng6 Rh7 22. Nxf8 Rxf8 23. b3 Kc7 24. Na4 Nxa4 25. bxa4 Ne4 26. f3 Nc3 27. Rd2 Nxa4 28. Rfd1 Rd7 29. Rd3 Nb2 30. R3d2 Nxd1
31. Rxd1 b5 32. cxb5 axb5 33. Rb1 Kc6 34. Bd2 b4 35. Kf2 Ra7 36. Ra1 Rfa8 37. g4 Rxa2 38. Rd1 c4 39. Ke3 c3
0-1

[Event "Take your time!"]
[Site "SchemingMind.com"]
[Date "2012.11.25"]
[Round "-"]
[White "Pol MacGilla tSamhais"]
[Black "ray winteringham"]
[Result "0-1"]
[WhiteCountry "IRL"]
[BlackCountry "ENG"]
[WhiteElo "1238"]
[WhiteRD "84"]
[BlackElo "1506"]
[BlackRD "51"]
[GameID "322019"]

1. e4 e5 2. Nc3 Bc5 3. Nf3 d6 4. Bc4 Be6 5. b3 Bxc4 6. bxc4 Nc6 7. O-O Nf6 8. d3 O-O 9. Na4 Nb4 10. c3 Nc6
11. Nxc5 dxc5 12. Be3 b6 13. d4 Nxe4 14. Qd3 Nf6 15. Rad1 e4 16. Qe2 Qb8 17. Ne5 Nxe5 18. dxe5 Ne8 19. Qg4 Qb7 20. Bh6 c6
21. Rfe1 Qc8 22. Qxe4 gxh6 23. h3 Ng7 24. Rd3 Qf5 25. Qxf5 Nxf5 26. g4 Nh4 27. Rd6 Nf3+ 28. Kf1 Rac8 29. Re3 Ng5 30. Rxh6 Rcd8
31. Rxc6 Rd2 32. f4 Ne6 33. f5 Nf4 34. Re4 Nxh3 35. e6 fxe6 36. Ke1 Rxa2 37. Rexe6 Rd8 38. Rcd6 Rxd6 39. Rxd6 Ng5 40. Rd8+ Kg7
41. Rd6 Rg2 42. f6+ Kf7 43. Kf1 Rxg4 44. Kf2 Ne4+ 45. Kf3 Nxd6 46. Kxg4 Kxf6 47. Kh5 Nxc4
0-1

[Event "Take your time!"]
[Site "SchemingMind.com"]
[Date "2012.11.27"]
[Round "-"]
[White "Pol MacGilla tSamhais"]
[Black "Iucounu"]
[Result "0-1"]
[WhiteCountry "IRL"]
[BlackCountry "ENG"]
[WhiteElo "1212"]
[WhiteRD "81"]
[BlackElo "1409"]
[BlackRD "52"]
[GameID "322020"]

1. e4 e5 2. Nf3 Nc6 3. c3 Nf6 4. d4 Nxe4 5. Bd3 d5 6. Nxe5 Nxe5 7. dxe5 Qe7 8. Nd2 Qxe5 9. Qe2 Bf5 10. Bb5+ c6
11. f3 cxb5 12. Qxb5+ Bd7 13. O-O Bxb5
0-1

[Event "Take your time!"]
[Site "SchemingMind.com"]
[Date "2012.11.25"]
[Round "-"]
[White "Majoanis"]
[Black "Pol MacGilla tSamhais"]
[Result "0-1"]
[WhiteCountry "CAN"]
[BlackCountry "IRL"]
[WhiteElo "1693"]
[WhiteRD "64"]
[BlackElo "1355"]
[BlackRD "79"]
[GameID "322021"]

1. d4 Nf6 2. Bg5 Ne4 3. Bf4 d5 4. e3 e6 5. Bd3 b6 6. Bxe4 dxe4 7. Nc3 Bb7 8. Qg4 Qd7 9. Qg3 Nc6 10. Nge2 Qe7
11. O-O-O Nb4 12. a3 Nd5 13. Nxd5 exd5 14. Nc3 Qf6 15. h4 Bd6 16. Bxd6 cxd6 17. Nb5 Kd7 18. Nc3 Rae8 19. Kb1 Rhg8 20. Ne2 Ba6
21. Nf4 Qf5 22. Qh3 Qxh3 23. Rxh3 g5 24. hxg5 Rxg5 25. Rxh7 Ke7 26. Rdh1 Rgg8 27. Nxd5+ Kd8 28. Nf6 Kc7 29. Nxe8+ Rxe8 30. Rxf7+ Kd8
31. Rxa7 Bc8 32. Rh6 Rf8
0-1

[Event "Take your time!"]
[Site "SchemingMind.com"]
[Date "2012.11.25"]
[Round "-"]
[White "Jacek"]
[Black "Pol MacGilla tSamhais"]
[Result "1-0"]
[WhiteCountry "POL"]
[BlackCountry "IRL"]
[WhiteElo "1545"]
[WhiteRD "158"]
[BlackElo "1202"]
[BlackRD "83"]
[GameID "322022"]

1. e4 e5 2. Bc4 c6 3. Nc3 Qe7 4. Nf3 Nf6 5. O-O d6 6. d4 a6 7. dxe5 dxe5 8. Ng5 Qc5 9. Bxf7+ Ke7 10. Bb3 h6
11. Nf7 Rg8 12. Qd8#
1-0

[Event "Take your time!"]
[Site "SchemingMind.com"]
[Date "2012.11.25"]
[Round "-"]
[White "lontjr"]
[Black "Pol MacGilla tSamhais"]
[Result "1-0"]
[WhiteCountry "USA"]
[BlackCountry "IRL"]
[WhiteElo "1491"]
[WhiteRD "107"]
[BlackElo "1212"]
[BlackRD "81"]
[GameID "322023"]

1. e4 c5 2. Nc3 Nc6 3. f4 g6 4. Nf3 Bg7 5. Bb5 Nd4 6. O-O Nxb5 7. Nxb5 a6 8. Nc3 d6 9. d4 b6 10. dxc5 bxc5
11. Be3 Nf6 12. Qd3 Qb6 13. b4 O-O 14. a3 Ng4 15. h3 Nxe3 16. Qxe3 Bxc3 17. Qxc3 Bb7 18. bxc5 dxc5 19. Rab1 Qc7 20. e5 f6
21. exf6 exf6 22. Qc4+ Kg7 23. g3 Rfd8 24. g4 Bd5 25. Qc3 Qxf4 26. Ne1 Qe4 27. Nf3 Re8 28. Rbd1 Rac8 29. g5 Qe6 30. gxf6+ Qxf6
31. Qxf6+ Kxf6 32. Rxd5 Ke6 33. Rfd1 h6 34. a4 Rf8 35. R5d3 Kf5 36. c4 g5 37. Rd5+ Kf4 38. Kg2 g4 39. hxg4 Kxg4 40. Rf1 Rg8
41. Kf2 Rb8 42. Rg1+ Kf4 43. Rxg8 Rxg8 44. Rxc5 Rg6 45. Rc8 Kg4 46. c5 Rf6 47. c6 Rxf3+ 48. Ke2 Rc3 49. Kd2 Rf3 50. c7 Rf7
51. Rg8+
1-0

[Event "Take your time!"]
[Site "SchemingMind.com"]
[Date "2012.11.26"]
[Round "-"]
[White "emvarela"]
[Black "Pol MacGilla tSamhais"]
[Result "1-0"]
[WhiteCountry "ARG"]
[BlackCountry "IRL"]
[WhiteElo "1765"]
[WhiteRD "48"]
[BlackElo "1355"]
[BlackRD "79"]
[GameID "322024"]

1. e4 c5 2. Nf3 g6 3. d4 cxd4 4. Nxd4 Nc6 5. c4 Nf6 6. Nc3 d6 7. Be2 Nxd4 8. Qxd4 Bg7 9. Be3 O-O 10. Qd2 Be6
11. O-O a6 12. Rfd1 Rc8 13. Nd5 Bxd5 14. exd5 Ne4 15. Qc2 f5 16. Rac1 Qa5 17. b3 Nc3 18. Rd2 Ne4 19. Rd3 b5 20. Bd2 Qb6
21. Be3 Qc7 22. f3 Nc5 23. Rd2 Rb8 24. Bxc5 Qxc5+ 25. Kf1 Rbc8 26. cxb5 axb5 27. Qxc5 dxc5 28. Bxb5 Bh6 29. Rcc2 Bxd2 30. Rxd2 Rb8
31. a4 Rfc8 32. Bc4 Rd8 33. Ke2 Rd7 34. a5 Ra8 35. a6 Kg7 36. Ke3 Rdd8 37. Kf4 Re8 38. d6 exd6 39. Rxd6 Kh6 40. Rc6 Rf8
41. Rxc5 Rae8 42. b4 Re1 43. b5 g5+ 44. Kg3 Kh5 45. Bd3 Rf1 46. Bxf1 f4+ 47. Kf2 Rd8 48. a7 h6 49. b6 Rd2+ 50. Be2 Rb2
51. a8=Q
1-0

[Event "Take your time!"]
[Site "SchemingMind.com"]
[Date "2012.11.25"]
[Round "-"]
[White "ray winteringham"]
[Black "Pol MacGilla tSamhais"]
[Result "1-0"]
[WhiteCountry "ENG"]
[BlackCountry "IRL"]
[WhiteElo "1474"]
[WhiteRD "51"]
[BlackElo "1193"]
[BlackRD "85"]
[GameID "322025"]

1. d4 g6 2. e4 Bg7 3. Nf3 d6 4. Bc4 Nf6 5. Nc3 O-O 6. O-O Nxe4 7. Nxe4 d5 8. Bxd5 Qxd5 9. Qe2 Bg4 10. c3 Nd7
11. h3 Bxf3 12. Qxf3 e5 13. dxe5 Nxe5 14. Nf6+ Bxf6 15. Qxd5 c6 16. Qb3 Rfd8 17. Bh6 Rd7 18. Rad1 Rxd1 19. Rxd1 b5 20. Qc2 a6
21. Qe4 Rc8 22. Rd6 a5 23. Rxf6 Re8 24. f4
1-0

[Event "Take your time!"]
[Site "SchemingMind.com"]
[Date "2012.11.27"]
[Round "-"]
[White "Iucounu"]
[Black "Pol MacGilla tSamhais"]
[Result "1-0"]
[WhiteCountry "ENG"]
[BlackCountry "IRL"]
[WhiteElo "1400"]
[WhiteRD "52"]
[BlackElo "1210"]
[BlackRD "79"]
[GameID "322026"]

1. e4 c5 2. Nf3 d6 3. d4 cxd4 4. Nxd4 Nf6 5. Nc3 e6 6. g4 h6 7. h4 Nc6 8. Nxc6 Qc7 9. Nd4 d5 10. Bg2 Qd6
11. Ndb5 Qc5 12. Qd4 a6 13. Qxc5 Bxc5 14. Nc7+ Ke7 15. Nxa8 Kd7 16. exd5 exd5 17. O-O Kd6 18. Na4 Bd7 19. N8b6 Bxb6 20. Nxb6 Bb5
21. Re1 Kc6 22. Be3 Nd7 23. Nxd5 Ne5 24. Rad1 Nxg4 25. Nf6+
1-0

[Event "Take your time!"]
[Site "SchemingMind.com"]
[Date "2012.11.28"]
[Round "-"]
[White "simpet"]
[Black "Majoanis"]
[Result "1-0"]
[WhiteCountry "ENG"]
[BlackCountry "CAN"]
[WhiteElo "1699"]
[WhiteRD "54"]
[BlackElo "1693"]
[BlackRD "64"]
[GameID "322146"]

1. e4 c5 2. Nf3 Nc6 3. d4 cxd4 4. Nxd4 Nf6 5. Nxc6 bxc6 6. e5 Qa5+ 7. Nc3 Qxe5+ 8. Be3 Qc7 9. Bd3 d6 10. Ne4 Nxe4
11. Bxe4 d5 12. Bd3 e5 13. O-O Bd6 14. Qh5 g6 15. Qh6 Bf8 16. Qh4 Bg7 17. Bh6 O-O 18. Be2 Bxh6 19. Qxh6 Qb6 20. b3 Ba6
21. Bxa6 Qxa6 22. a4 Qe2 23. Rac1 Qh5 24. Qxh5 gxh5 25. f3 Kg7 26. Rfe1 f6 27. c3 a5 28. g3 Rfb8 29. Rb1 Ra6 30. Rb2 Rab6
31. Reb1 d4 32. cxd4 exd4 33. Kf2 c5 34. Ke2 c4 35. h3 Kf7 36. g4 hxg4 37. hxg4 Ke6 38. f4 c3 39. Ra2 Rxb3 40. Rxb3 Rxb3
41. Kd3 Kd5 42. Rh2
1-0

[Event "Take your time!"]
[Site "SchemingMind.com"]
[Date "2012.11.28"]
[Round "-"]
[White "simpet"]
[Black "Jacek"]
[Result "0-1"]
[WhiteCountry "ENG"]
[BlackCountry "POL"]
[WhiteElo "1591"]
[WhiteRD "59"]
[BlackElo "1545"]
[BlackRD "158"]
[GameID "322147"]

1. d4 Nf6 2. Bg5 Ne4 3. Be3 d5 4. Nd2 Bf5 5. Nxe4 Bxe4 6. f3 Bg6 7. Bf4 e6 8. e3 Bd6 9. Nh3 O-O 10. Bd3 Nd7
11. Bxd6 cxd6 12. Bxg6 hxg6 13. Ng5 Qxg5 14. Qe2 Rac8 15. c3 Nb6 16. h4 Qf5 17. g4 Qf6 18. g5 Qf5 19. f4 e5 20. h5 exf4
21. O-O-O Rfe8 22. Rdf1 Qxg5 23. Rxf4 Qxf4 24. Kd2 Nc4+
0-1

[Event "Take your time!"]
[Site "SchemingMind.com"]
[Date "2012.11.28"]
[Round "-"]
[White "simpet"]
[Black "lontjr"]
[Result "1-0"]
[WhiteCountry "ENG"]
[BlackCountry "USA"]
[WhiteElo "1590"]
[WhiteRD "59"]
[BlackElo "1490"]
[BlackRD "133"]
[GameID "322148"]

1. d4 Nf6 2. Nc3 d5 3. e3 e6 4. Nf3 c5 5. Bb5+ Bd7 6. Ne5 Qe7 7. O-O Bxb5 8. Nxb5 Ne4 9. c4 Nc6 10. cxd5 exd5
11. Nxc6 bxc6 12. Nc3 cxd4 13. exd4 Nf6 14. Re1 Ne4 15. Nxe4 dxe4 16. Qc2 O-O-O 17. Qxc6+
1-0

[Event "Take your time!"]
[Site "SchemingMind.com"]
[Date "2012.12.03"]
[Round "-"]
[White "simpet"]
[Black "emvarela"]
[Result "1/2-1/2"]
[WhiteCountry "ENG"]
[BlackCountry "ARG"]
[WhiteElo "1699"]
[WhiteRD "54"]
[BlackElo "1765"]
[BlackRD "48"]
[GameID "322149"]

1. d4 Nf6 2. Nc3 d5 3. Nf3 e6 4. e3 c5 5. Ne5 cxd4 6. Qxd4 Nc6 7. Bb5 Qc7 8. O-O a6 9. Nxc6 bxc6 10. Bd3 c5
11. Qh4 Be7 12. f4 Ne4 13. Qh5 Nxc3 14. bxc3 g6 15. Qh6 Bf8 16. Qh4 Bg7 17. Bb2 c4 18. Be2 Qa5 19. e4 Bxc3 20. Bxc3 Qxc3
21. exd5 Qe3+ 22. Rf2 exd5 23. Kf1 O-O 24. Rd1 Be6 25. Rf3 Qc5 26. Rg3 Rab8 27. Qf6 Rb6 28. Qe5 Re8 29. Qg5 Bf5 30. Bg4 Bxc2
31. Qxd5 Qxd5 32. Rxd5 Rb1+ 33. Kf2 Ree1 34. Be2 Bd3 35. Bxd3 cxd3 36. Rgxd3 Rf1+ 37. Kg3 Rb4 38. Ra5 Rfxf4 39. Rxa6 Ra4 40. Rxa4 Rxa4
41. a3 h5 42. h4 Kg7 43. Kh3 Kh6 44. g3 f6 45. Kg2 g5 46. hxg5+ Kxg5 47. Kf3 h4 48. gxh4+ Kxh4 49. Kg2 f5 50. Rh3+ Kg5
51. Rg3+ Kf4 52. Rf3+ Ke4 53. Kg3 Ke5 54. Re3+ Kf6 55. Kf2 f4 56. Rb3 Ke5 57. Kf3 Kf5 58. Rb5+=
1/2-1/2

[Event "Take your time!"]
[Site "SchemingMind.com"]
[Date "2012.11.28"]
[Round "-"]
[White "simpet"]
[Black "ray winteringham"]
[Result "1-0"]
[WhiteCountry "ENG"]
[BlackCountry "ENG"]
[WhiteElo "1591"]
[WhiteRD "59"]
[BlackElo "1468"]
[BlackRD "53"]
[GameID "322150"]

1. e4 e5 2. Bc4 Nf6 3. d3 d6 4. f4 Bg4 5. Nf3 Be7 6. O-O Nc6 7. c3 Nh5 8. f5 Nf6 9. Be3 a6 10. b4 b5
11. Bb3 O-O 12. Nbd2 a5 13. a3 a4 14. Ba2 d5 15. h3 Bxf3 16. Rxf3 Bd6 17. Rg3 g6 18. Bg5 Be7 19. Bh6 Re8 20. Nf3 Nh5
21. Rg4 Bf8 22. Bxf8 Rxf8 23. Bxd5 Qf6 24. Ng5 Rad8 25. Qe2 Na7 26. Rf1 Nf4 27. Qa2 h6 28. Nxf7 Nxd5 29. Rxg6+
1-0

[Event "Take your time!"]
[Site "SchemingMind.com"]
[Date "2012.11.29"]
[Round "-"]
[White "simpet"]
[Black "Iucounu"]
[Result "1-0"]
[WhiteCountry "ENG"]
[BlackCountry "ENG"]
[WhiteElo "1612"]
[WhiteRD "56"]
[BlackElo "1385"]
[BlackRD "52"]
[GameID "322151"]

1. d4 Nf6 2. Nc3 d5 3. Nf3 e6 4. Bg5 Be7 5. e3 O-O 6. Bd3 Nbd7 7. O-O a6 8. Qd2 c6 9. e4 dxe4 10. Nxe4 Nd5
11. c4 Bxg5 12. Nexg5 N5f6 13. Qc2 g6 14. Rfe1 Re8 15. Re3 b5 16. c5 Nd5 17. Re4 N7f6 18. Rh4 h5 19. a3 a5 20. Ne5 Ra7
21. Nxc6 Qc7 22. Nxa7 Qxa7 23. Ne4 Nxe4 24. Bxe4 Bb7 25. Bxg6 Kf8 26. Bxf7 Re7 27. Bxh5 Bc6 28. Bf3 Rg7 29. Rh8+ Ke7 30. Re1 b4
31. Rh7 Rf7 32. Qg6 Qd7 33. Rxf7+
1-0

[Event "Take your time!"]
[Site "SchemingMind.com"]
[Date "2012.11.28"]
[Round "-"]
[White "simpet"]
[Black "Pol MacGilla tSamhais"]
[Result "1-0"]
[WhiteCountry "ENG"]
[BlackCountry "IRL"]
[WhiteElo "1613"]
[WhiteRD "54"]
[BlackElo "1238"]
[BlackRD "84"]
[GameID "322152"]

1. e4 c5 2. Nf3 d6 3. Bc4 e6 4. O-O Nc6 5. d4 cxd4 6. Nxd4 Nf6 7. Nc3 Be7 8. f4 Nxe4 9. Bb5 Bd7 10. Nxe4 Nxd4
11. Bxd7+ Qxd7 12. Qxd4 e5 13. fxe5 dxe5 14. Qxd7+ Kxd7 15. Rd1+ Ke6 16. Ng5+ Bxg5 17. Bxg5 f6 18. Be3 b6 19. Rd3 h5 20. Rad1 a5
21. Bxb6 Rhb8 22. Rd6+ Kf5 23. b3 Ra6 24. Bc7 Rxd6 25. Rxd6 Rc8 26. Rd7 Ke6 27. Rxg7 h4 28. c4 e4 29. Bxa5 f5 30. Kf2 Kf6
31. Bc3+ Ke6 32. Rg6+ Kf7 33. Ra6 Re8 34. Ke3 Rd8 35. Rf6+ Ke7 36. Bd4 Ra8 37. a3 Rxa3 38. Bc5+ Kxf6 39. Bxa3 Ke6 40. Kf4
1-0

[Event "Take your time!"]
[Site "SchemingMind.com"]
[Date "2012.11.28"]
[Round "-"]
[White "Majoanis"]
[Black "simpet"]
[Result "0-1"]
[WhiteCountry "CAN"]
[BlackCountry "ENG"]
[WhiteElo "1736"]
[WhiteRD "59"]
[BlackElo "1635"]
[BlackRD "57"]
[GameID "322153"]

1. d4 d5 2. Bg5 Bf5 3. e3 Nd7 4. c4 c6 5. Nc3 h6 6. Bh4 g5 7. Bg3 Bg7 8. cxd5 cxd5 9. Bd3 Bxd3 10. Qxd3 Ngf6
11. h4 Qa5 12. hxg5 Ne4 13. Ne2 hxg5 14. Rxh8+ Bxh8 15. Kf1 Nxg3+ 16. Nxg3 O-O-O 17. Qf5 Kb8 18. Qxg5 Nf6 19. Qe5+ Ka8 20. Qxe7 Rd7
21. Qc5 Qd8 22. a4 Ng4 23. Nb5 b6 24. Qc6+ Kb8 25. a5 Nxe3+ 26. fxe3 Rb7 27. Qd6+ Qxd6 28. Nxd6 Rd7 29. Nb5 Kb7 30. axb6 Kxb6
31. Nc3 a5 32. Na4+ Kb5 33. Nc5 Ra7 34. Ne2 f5 35. Nf4 Rf7 36. Ke2 Rg7 37. Rh1 Rg8 38. Rh5 Bxd4 39. exd4 Kc4
0-1

[Event "Take your time!"]
[Site "SchemingMind.com"]
[Date "2012.11.28"]
[Round "-"]
[White "Jacek"]
[Black "simpet"]
[Result "0-1"]
[WhiteCountry "POL"]
[BlackCountry "ENG"]
[WhiteElo "1437"]
[WhiteRD "114"]
[BlackElo "1590"]
[BlackRD "59"]
[GameID "322154"]

1. e4 e5 2. Bc4 Nf6 3. Nf3 Nc6 4. O-O Bc5 5. c3 O-O 6. d4 exd4 7. cxd4 Bb6 8. e5 Ng4 9. h3 d5 10. exd6 Qxd6
11. hxg4 Bxg4 12. Nc3 Nxd4 13. Be2 Nxe2+ 14. Qxe2 Rae8 15. Qd2 Qg6 16. Qg5 Bxf3 17. Qxg6 fxg6 18. gxf3 Rxf3 19. Bg5 Rf5 20. Bh4 g5
21. Bg3 h5 22. Rfe1 Rxe1+ 23. Rxe1 h4 24. Re5 Rf7 25. Re8+ Kh7 26. Be5 Rxf2
0-1

[Event "Take your time!"]
[Site "SchemingMind.com"]
[Date "2012.11.28"]
[Round "-"]
[White "lontjr"]
[Black "simpet"]
[Result "1-0"]
[WhiteCountry "USA"]
[BlackCountry "ENG"]
[WhiteElo "1490"]
[WhiteRD "133"]
[BlackElo "1590"]
[BlackRD "59"]
[GameID "322155"]

1. e4 e5 2. Nf3 Nc6 3. d4 exd4 4. Bc4 Bb4+ 5. c3 dxc3 6. bxc3 Ba5 7. O-O Nge7 8. Ng5 O-O 9. Qh5 h6 10. Nxf7 Rxf7
11. Qxf7+ Kh8 12. f4 d6 13. f5 Qf8 14. Qh5 b6 15. g4 Qf6 16. g5 Qe5 17. Qe8+ Kh7 18. g6+ Nxg6 19. Qg8#
1-0

[Event "Take your time!"]
[Site "SchemingMind.com"]
[Date "2012.12.03"]
[Round "-"]
[White "emvarela"]
[Black "simpet"]
[Result "1-0"]
[WhiteCountry "ARG"]
[BlackCountry "ENG"]
[WhiteElo "1743"]
[WhiteRD "47"]
[BlackElo "1613"]
[BlackRD "54"]
[GameID "322156"]

1. e4 e5 2. Nf3 Nc6 3. d4 exd4 4. c3 dxc3 5. Bc4 Na5 6. Bxf7+ Kxf7 7. Ne5+ Ke8 8. Qh5+ g6 9. Nxg6 Nf6 10. Qe5+ Be7
11. Nxh8 d6 12. Qxa5 Be6 13. Nxc3 Qd7 14. Bg5 a6 15. Bxf6 Bxf6 16. Qh5+ Kd8 17. O-O Bxh8 18. Qg5+ Kc8 19. Nd5 Bxb2 20. Rab1 Be5
21. Rfc1 Bxd5 22. exd5 b6 23. Rxb6
1-0

[Event "Take your time!"]
[Site "SchemingMind.com"]
[Date "2012.11.28"]
[Round "-"]
[White "ray winteringham"]
[Black "simpet"]
[Result "0-1"]
[WhiteCountry "ENG"]
[BlackCountry "ENG"]
[WhiteElo "1468"]
[WhiteRD "53"]
[BlackElo "1591"]
[BlackRD "59"]
[GameID "322157"]

1. d4 c6 2. e4 d5 3. e5 e6 4. Bd3 c5 5. Nf3 c4 6. Be2 Bb4+ 7. c3 Ba5 8. O-O Nc6 9. Bg5 Qc7 10. b4 cxb3
11. axb3 Nge7 12. Bxe7 Nxe7 13. b4 Bb6 14. Qa4+ Bd7 15. Qb3 Ng6 16. g3 O-O 17. Ra2 f6 18. Nbd2 fxe5 19. Rfa1 e4 20. Ng5 Rf5
21. h4 Raf8 22. Rf1 Rxf2 23. Rxf2 Qxg3+ 24. Rg2 Qxh4 25. Qd1 Nf4 26. Rg4 Qh6 27. Rxf4 Rxf4 28. Nxh7 Qxh7
0-1

[Event "Take your time!"]
[Site "SchemingMind.com"]
[Date "2012.11.29"]
[Round "-"]
[White "Iucounu"]
[Black "simpet"]
[Result "1-0"]
[WhiteCountry "ENG"]
[BlackCountry "ENG"]
[WhiteElo "1465"]
[WhiteRD "53"]
[BlackElo "1635"]
[BlackRD "57"]
[GameID "322158"]

1. e4 e5 2. Nf3 Nc6 3. Bb5 Nge7 4. O-O g6 5. c3 Bg7 6. d4 exd4 7. cxd4 O-O 8. Nc3 a6 9. Ba4 b5 10. Bc2 d5
11. e5 Nf5 12. Ne2 Nb4 13. Bb3 Be6 14. Bd2 Nc6 15. a4 b4 16. Qc2 Na7 17. Rac1 c6 18. Bg5 f6 19. exf6 Bxf6 20. Bxf6 Qxf6
21. Ne5 Nh4 22. Qd3 Nxg2 23. Kxg2 Qg5+ 24. Qg3 Qxg3+ 25. fxg3 a5 26. Rf4 Rxf4 27. gxf4 Rc8 28. Rc5 Kg7 29. Kf3 Rc7 30. h4 h5
31. Ng1 Rc8 32. Kg3 Rf8 33. Nxc6 Nxc6 34. Rxc6
1-0

[Event "Take your time!"]
[Site "SchemingMind.com"]
[Date "2012.11.28"]
[Round "-"]
[White "Pol MacGilla tSamhais"]
[Black "simpet"]
[Result "0-1"]
[WhiteCountry "IRL"]
[BlackCountry "ENG"]
[WhiteElo "1238"]
[WhiteRD "84"]
[BlackElo "1613"]
[BlackRD "54"]
[GameID "322159"]

1. d4 d5 2. Nf3 e6 3. c4 dxc4 4. e4 b5 5. a4 c6 6. axb5 cxb5 7. Nc3 Bb4 8. Bd2 Bd7 9. Be2 Ne7 10. O-O a6
11. d5 O-O 12. Na2 Bc5 13. Bb4 Qb6 14. Ne5 exd5 15. Nxd7 Nxd7 16. exd5 Nf6 17. Qe1 Nexd5 18. Ba5 Qe6 19. Qd2 Rfe8 20. h3 Qxe2
21. Qd1 Qxb2 22. Re1 Qxf2+ 23. Kh2 Ne3 24. Rg1 Nxd1 25. Raxd1 Ne4 26. Nc1 Bd6+ 27. Kh1 Ng3+
0-1

[Event "Take your time!"]
[Site "SchemingMind.com"]
[Date "2012.11.28"]
[Round "-"]
[White "Aadsje"]
[Black "Majoanis"]
[Result "1-0"]
[WhiteCountry "NED"]
[BlackCountry "CAN"]
[WhiteElo "2262"]
[WhiteRD "64"]
[BlackElo "1736"]
[BlackRD "59"]
[GameID "322162"]

1. d4 Nf6 2. Nf3 e6 3. c4 Bb4+ 4. Nbd2 O-O 5. a3 Be7 6. e4 d5 7. Bd3 c5 8. dxc5 dxe4 9. Bxe4 Bxc5 10. O-O Nc6
11. Bb1 a5 12. Ne4 Nxe4 13. Bxe4 f5 14. Bxc6 bxc6 15. Bf4 Qb6 16. Qe2 Re8 17. Rad1 Ra7 18. Ne5 Rb7 19. Rd2 Rbe7 20. Rfd1
1-0

[Event "Take your time!"]
[Site "SchemingMind.com"]
[Date "2012.11.28"]
[Round "-"]
[White "Aadsje"]
[Black "Jacek"]
[Result "1-0"]
[WhiteCountry "NED"]
[BlackCountry "POL"]
[WhiteElo "2233"]
[WhiteRD "63"]
[BlackElo "1437"]
[BlackRD "114"]
[GameID "322163"]

1. d4 Nf6 2. g3 d5 3. Bg2 c6 4. Nf3 Bf5 5. O-O e6 6. b3 Be7 7. Bb2 O-O 8. c4 Nbd7 9. Nc3 dxc4 10. bxc4 Qb6
11. Qb3 Ne4 12. c5 Qc7 13. Rfe1 h6 14. Rad1 Ndf6 15. Ne5 Rab8 16. Nxe4 Nxe4 17. f3 Nf6 18. e4 Bh7 19. Qc3 Rfd8 20. Bf1 Nd7
21. Nxd7 Rxd7 22. d5 Bf6 23. e5
1-0

[Event "Take your time!"]
[Site "SchemingMind.com"]
[Date "2012.11.28"]
[Round "-"]
[White "Aadsje"]
[Black "lontjr"]
[Result "1-0"]
[WhiteCountry "NED"]
[BlackCountry "USA"]
[WhiteElo "2246"]
[WhiteRD "61"]
[BlackElo "1479"]
[BlackRD "105"]
[GameID "322164"]

1. c4 c5 2. Nf3 g6 3. e4 Nc6 4. d4 Bg7 5. d5 Nd4 6. Nxd4 cxd4 7. Bd3 Nf6 8. e5 Ng8 9. Bf4 e6 10. Nd2 Ne7
11. Ne4 exd5 12. Nd6+ Kf8 13. Qf3 Nf5 14. Bxf5 gxf5 15. Qh5 Qe7 16. cxd5 h6 17. Nxf5 Qb4+ 18. Bd2
1-0

[Event "Take your time!"]
[Site "SchemingMind.com"]
[Date "2012.12.03"]
[Round "-"]
[White "Aadsje"]
[Black "emvarela"]
[Result "1-0"]
[WhiteCountry "NED"]
[BlackCountry "ARG"]
[WhiteElo "2295"]
[WhiteRD "63"]
[BlackElo "1759"]
[BlackRD "49"]
[GameID "322165"]

1. Nc3 d5 2. d4 Nf6 3. Nf3 e6 4. Bg5 Be7 5. e3 Nbd7 6. Bd3 c5 7. O-O c4 8. Be2 O-O 9. Ne5 Qc7 10. Bf4 Bd6
11. Nb5 Qb6 12. Nxd7 Qxb5 13. Nxf6+ gxf6 14. Bxd6
1-0

[Event "Take your time!"]
[Site "SchemingMind.com"]
[Date "2012.11.28"]
[Round "-"]
[White "Aadsje"]
[Black "ray winteringham"]
[Result "1-0"]
[WhiteCountry "NED"]
[BlackCountry "ENG"]
[WhiteElo "2233"]
[WhiteRD "63"]
[BlackElo "1474"]
[BlackRD "51"]
[GameID "322166"]

1. c4 d5 2. cxd5 Qxd5 3. Nc3 Qd8 4. Nf3 Bf5 5. e4 Bg6 6. Qb3 b6 7. h4 e6 8. h5 Bxh5 9. Qb5+ c6 10. Qxh5 Nf6
11. Qh4 Be7 12. Qg3 O-O 13. e5 Nd5 14. Qh3 h6 15. d4 Bb4 16. Bxh6 Nxc3 17. Bxg7 Ne4+ 18. Ke2 Kxg7 19. Qh7#
1-0

[Event "Take your time!"]
[Site "SchemingMind.com"]
[Date "2012.11.29"]
[Round "-"]
[White "Aadsje"]
[Black "Iucounu"]
[Result "0-1"]
[WhiteCountry "NED"]
[BlackCountry "ENG"]
[WhiteElo "2009"]
[WhiteRD "69"]
[BlackElo "1505"]
[BlackRD "57"]
[GameID "322167"]

1. b4 e5 2. Bb2 Bxb4 3. Bxe5 Nf6 4. Nf3 O-O 5. c4 Nc6 6. Bb2 d5 7. cxd5 Nxd5 8. e3 Bf5 9. a3 Bd6 10. Be2 a6
11. Qb3 Nb6 12. d3 Be6 13. Qc2 f6 14. O-O Bd5 15. e4 Bf7 16. d4 Bg6 17. Nh4 Bf7 18. Nd2 Re8 19. Nf5 Bg6 20. Bg4 Bxf5
21. Bxf5 g6 22. Bh3 Bf4 23. Nb3 Qd6 24. g3 Bh6
0-1

[Event "Take your time!"]
[Site "SchemingMind.com"]
[Date "2012.11.28"]
[Round "-"]
[White "Aadsje"]
[Black "Pol MacGilla tSamhais"]
[Result "1-0"]
[WhiteCountry "NED"]
[BlackCountry "IRL"]
[WhiteElo "2246"]
[WhiteRD "61"]
[BlackElo "1238"]
[BlackRD "84"]
[GameID "322168"]

1. d4 g6 2. Bf4 Nf6 3. Nf3 Bg7 4. e3 O-O 5. Be2 d5 6. O-O Nbd7 7. h3 c5 8. Nbd2 b6 9. c4 e6 10. cxd5 exd5
11. a4 Ne4 12. Bb5 Ndf6 13. Ne5 Bb7 14. Nc6 Bxc6 15. Bxc6 Rc8 16. Bb7 Rc7 17. Bxc7 Qxc7 18. Nxe4 Nxe4 19. Bxd5 Nf6 20. Bf3 Nd7
21. Rc1 Re8 22. b4 Qd6 23. bxc5 bxc5 24. dxc5 Qxd1 25. Rfxd1 Nb8 26. c6 Bb2 27. c7
1-0

[Event "Take your time!"]
[Site "SchemingMind.com"]
[Date "2012.11.28"]
[Round "-"]
[White "Aadsje"]
[Black "simpet"]
[Result "1-0"]
[WhiteCountry "NED"]
[BlackCountry "ENG"]
[WhiteElo "2233"]
[WhiteRD "63"]
[BlackElo "1590"]
[BlackRD "59"]
[GameID "322169"]

1. g3 e5 2. c4 d5 3. cxd5 Qxd5 4. Nf3 e4 5. Nc3 Qe6 6. Ng5 Qg6 7. Ngxe4 Nf6 8. Bg2 Bb4 9. Nxf6+ Qxf6 10. Qa4+ Nc6
11. Nd5 Bxd2+ 12. Bxd2 Qxb2 13. Bc3 Qxa1+ 14. Bxa1 O-O 15. Qh4 Be6 16. Nf6+ gxf6 17. Qxf6
1-0

[Event "Take your time!"]
[Site "SchemingMind.com"]
[Date "2012.11.29"]
[Round "-"]
[White "Majoanis"]
[Black "Aadsje"]
[Result "0-1"]
[WhiteCountry "CAN"]
[BlackCountry "NED"]
[WhiteElo "1736"]
[WhiteRD "59"]
[BlackElo "2262"]
[BlackRD "64"]
[GameID "322170"]

1. d4 Nf6 2. Bg5 Ne4 3. Bf4 c5 4. d5 e6 5. f3 Bd6 6. Bxd6 Nxd6 7. e4 Qh4+ 8. g3 Qe7 9. Nc3 O-O 10. Nge2 e5
11. Bg2 Na6 12. O-O b6 13. b3 Nc7 14. a4 a5 15. Na2 c4 16. Rb1 Na6 17. Nac3 Nb4 18. f4 Ba6 19. Qd2 cxb3
0-1